Statistics for Mest gjettet land på norsk JetPunk

Click here to take the quiz!

General Stats

  • This quiz has been taken 50 times
    (48 since last reset)
  • The average score is 7 of 15

Answer Stats

QuestionAnswer% Correct
Hvilket land kjenner norske JetPunkere best til?Sør-Afrika
78%
Hvilket land kjenner norske JetPunkere best til?Egypt
76%
Hvilket land kjenner norske JetPunkere best til?Russland
73%
Hvilket land kjenner norske JetPunkere best til?Fiji
67%
Hvilket land kjenner norske JetPunkere best til?Island
62%
Hvilket land kjenner norske JetPunkere best til?Iran
60%
Hvilket land kjenner norske JetPunkere best til?Nord-Korea
53%
Hvilket land kjenner norske JetPunkere best til?Mongolia
51%
Hvilket land kjenner norske JetPunkere best til?Mali
40%
Hvilket land kjenner norske JetPunkere best til?Afghanistan
38%
Hvilket land kjenner norske JetPunkere best til?Gabon
36%
Hvilket land kjenner norske JetPunkere best til?Kuwait
31%
Hvilket land kjenner norske JetPunkere best til?Turkmenistan
22%
Hvilket land kjenner norske JetPunkere best til?Andorra
13%
Hvilket land kjenner norske JetPunkere best til?Italia
11%

Score Distribution

Percentile by Number Answered

Percent of People with Each Score

Your Score History

You have not taken this quiz since the last reset